header

DB2 for z/OS DM and OS/390 Version 7 (Record no. 210732)

MARC details
000 -LEADER
fixed length control field 01476nam a22003974a 4500
082 04 - DEWEY DECIMAL CLASSIFICATION NUMBER
Classification number 005.75/65
100 1# - MAIN ENTRY--AUTHOR NAME
Personal name Bruni, Paolo.
245 10 - TITLE STATEMENT
Title DB2 for z/OS DM and OS/390 Version 7
250 ## - EDITION STATEMENT
Edition statement 1st ed.
260 ## - PUBLICATION, DISTRIBUTION, ETC. (IMPRINT)
Place of publication [San Jose, Calif.] :
Name of publisher IBM, International Technical Support Organization,
Year of publication 2002.
300 ## - PHYSICAL DESCRIPTION
Number of Pages xviii, 126 p. :
Other physical details ill.
490 1# - SERIES STATEMENT
Series statement Redbooks
500 ## - GENERAL NOTE
General note "November 2002."
General note "SG24-6894-00."
650 #0 - SUBJECT ADDED ENTRY--TOPICAL TERM
Topical Term Database management.
700 1# - ADDED ENTRY--PERSONAL NAME
Personal name Dubois, Florence.
Personal name Nacamatsu, Claudio.
856 40 - ELECTRONIC LOCATION AND ACCESS
Uniform Resource Identifier http://site.ebrary.com/lib/rucke/Doc?id=10112829

No items available.

© 2026 Rongo University
Contact us: librarian | system librarian | Rongo university